[Event "Titled Tuesday intern op 4th Aug 10am"]
[Site "Chess.com INT"]
[Date "2020.08.04"]
[Round "9"]
[White "Mafra, Kaiser Luiz"]
[Black "Miller, Eduard"]
[Result "0-1"]
[WhiteElo "2114"]
[BlackElo "2392"]
[PlyCount "110"]
[EventDate "2020.08.04"]
[EventType "swiss (blitz)"]
[EventRounds "10"]
[EventCountry "USA"]
[SourceTitle "CBM 197 Extra"]
[Source "ChessBase"]
[SourceDate "2020.09.30"]
[SourceVersion "1"]
[SourceVersionDate "2020.09.30"]
[SourceQuality "1"]

1. e4 c6 2. d4 d5 3. Nc3 dxe4 4. Nxe4 Nf6 5. Nxf6+ exf6 6. Bc4 Bd6 7. Qe2+ Be7 8. Nf3 0-0 9. 0-0 Bd6 10. c3 Re8 11. Qc2 Nd7 12. Be3 Nf8 13. Rae1 Ng6 14. a4 Bg4 15. Nd2 Qd7 16. f3 Bf5 17. Bd3 Bxd3 18. Qxd3 Re7 19. Ne4 Rae8 20. Nxd6 Qxd6 21. Bf2 Nf4 22. Qd2 Ne2+ 23. Kh1 g5 24. g4 Qf4 25. Qxf4 Nxf4 26. h4 Nd3 27. Rxe7 Rxe7 28. hxg5 fxg5 29. Bg3 Re2 30. Rd1 Nxb2 31. Rb1 b6 32. Bb8 a5 33. Bc7 Nxa4 34. Bxb6 Nxc3 35. Rc1 Nd5 36. Rxc6 a4 37. Bc5 Kg7 38. Ra6 Ra2 39. Ra7 h6 40. Bd6 Kg6 41. Ra5 Ne3 42. Be5 Nc4 43. Ra6+ Kh7 44. Rf6 Nxe5 45. dxe5 Kg7 46. Ra6 Rf2 47. Rxa4 Rxf3 48. Re4 Rf4 49. Rxf4 gxf4 50. Kg2 Kg6 51. Kf3 Kg5 52. Ke4 Kxg4 53. Kd5 f3 54. Kd6 f2 55. Ke7 f1Q 0-1

[Event "Santa Catarina-ch 64th "]
[Site "Lages"]
[Date "2020.02.16"]
[Round "6"]
[White "De Oliveira, Guilherme Alfredo B"]
[Black "Mafra, Kaiser Luiz"]
[Result "0-1"]
[WhiteElo "1970"]
[BlackElo "2116"]
[PlyCount "72"]
[EventDate "2020.02.14"]
[EventType "swiss"]
[EventRounds "6"]
[EventCountry "BRA"]
[SourceTitle "CBM 195 Extra"]
[Source "ChessBase"]
[SourceDate "2020.05.31"]
[SourceVersion "1"]
[SourceVersionDate "2020.05.31"]
[SourceQuality "1"]

1. d4 d5 2. c4 e6 3. Nc3 c6 4. cxd5 exd5 5. Qc2 g6 6. Bf4 Bg7 7. e3 Bf5 8. Bd3 Bxd3 9. Qxd3 Nf6 10. Nge2 0-0 11. 0-0 Nbd7 12. b4 a5 13. Rfb1 a4 14. b5 c5 15. Bd6 c4 16. Qc2 Re8 17. Nxa4 Ne4 18. Bg3 h5 19. Nac3 Nxg3 20. Nxg3 Nf6 21. a4 h4 22. Nf1 h3 23. Ng3 hxg2 24. b6 Ng4 25. h3 Nxe3 26. fxe3 Rxe3 27. Nce2 Qh4 28. Kxg2 Bxd4 29. Rd1 Be5 30. Ra2 Bxg3 31. Ng1 Be1 32. Rxd5 Rae8 33. a5 Rg3+ 34. Kh1 Bxa5 35. Raxa5 Rxg1+ 36. Kh2 Qg3# 0-1

[Event "Niteroi op 1st"]
[Site "Niteroi"]
[Date "2019.09.07"]
[Round "6"]
[White "Santiago, Yago de Moura"]
[Black "Mafra, Kaiser Luiz"]
[Result "1/2-1/2"]
[WhiteElo "2487"]
[BlackElo "2104"]
[PlyCount "64"]
[EventDate "2019.09.04"]
[EventType "swiss"]
[EventRounds "7"]
[EventCountry "BRA"]
[SourceTitle "EXT 2020"]
[Source "ChessBase"]
[SourceDate "2019.10.17"]
[SourceVersion "1"]
[SourceVersionDate "2019.10.17"]
[SourceQuality "1"]

1. c4 c5 2. Nc3 Nc6 3. g3 g6 4. Bg2 Bg7 5. b3 e5 6. Bb2 Nge7 7. h4 h5 8. d3 d6 9. e3 0-0 10. Nge2 Be6 11. Nd5 Rb8 12. Nec3 Nf5 13. Qd2 a6 14. Ne4 b5 15. Ndf6+ Bxf6 16. Nxf6+ Qxf6 17. Bxc6 Ne7 18. Bg2 Bg4 19. f3 Bd7 20. 0-0-0 a5 21. g4 a4 22. gxh5 axb3 23. axb3 bxc4 24. dxc4 Nf5 25. f4 Rxb3 26. fxe5 dxe5 27. Qxd7 Rxb2 28. Qc6 Nd4 29. Qxf6 Rc2+ 30. Kb1 Rb8+ 31. Ka1 Nb3+ 32. Kb1 Nd4+ 1/2-1/2

[Event "Niteroi op 1st"]
[Site "Niteroi"]
[Date "2019.09.05"]
[Round "3"]
[White "Mafra, Kaiser Luiz"]
[Black "Rego, Vinicius Vilela"]
[Result "1/2-1/2"]
[WhiteElo "2104"]
[BlackElo "2317"]
[PlyCount "20"]
[EventDate "2019.09.04"]
[EventType "swiss"]
[EventRounds "7"]
[EventCountry "BRA"]
[SourceTitle "EXT 2020"]
[Source "ChessBase"]
[SourceDate "2019.10.17"]
[SourceVersion "1"]
[SourceVersionDate "2019.10.17"]
[SourceQuality "1"]

1. Nf3 Nf6 2. c4 e6 3. g3 d5 4. Bg2 Be7 5. 0-0 0-0 6. b3 b6 7. Bb2 Bb7 8. d4 Nbd7 9. Nbd2 c5 10. cxd5 Bxd5 1/2-1/2

[Event "Concordia op 5th"]
[Site "Concordia"]
[Date "2019.05.04"]
[Round "7"]
[White "Guimaraes, Diogo Duarte"]
[Black "Mafra, Kaiser Luiz"]
[Result "1-0"]
[WhiteElo "2337"]
[BlackElo "2082"]
[PlyCount "119"]
[EventDate "2019.05.01"]
[EventType "swiss"]
[EventRounds "9"]
[EventCountry "BRA"]
[SourceTitle "CBM 190 Extra"]
[Source "ChessBase"]
[SourceDate "2019.07.15"]
[SourceVersion "1"]
[SourceVersionDate "2019.07.15"]
[SourceQuality "1"]

1. e4 Nf6 2. e5 Nd5 3. Nf3 c5 4. Nc3 Nxc3 5. dxc3 Nc6 6. Bf4 g6 7. Qd2 Bg7 8. 0-0-0 Qa5 9. Kb1 h6 10. Qe3 d5 11. exd6 Be6 12. d7+ Bxd7 13. Nd2 Be6 14. Bc4 Bxc4 15. Nxc4 Qa6 16. Nd6+ Kf8 17. Ne4 b6 18. Qf3 Qb7 19. Rd5 Rd8 20. Rxd8+ Nxd8 21. Rd1 Ne6 22. Nxc5 Qxf3 23. Nxe6+ fxe6 24. gxf3 Kf7 25. Rd7 Ra8 26. a4 e5 27. Be3 Ke6 28. Rc7 h5 29. c4 h4 30. h3 Rf8 31. Bg5 Bf6 32. Bd2 Rd8 33. Kc1 e4 34. fxe4 Bxb2+ 35. Kxb2 Rxd2 36. Rxa7 Rxf2 37. Rb7 g5 38. Rxb6+ Ke5 39. Rb5+ Kf6 40. a5 Kg6 41. a6 Rf8 42. a7 Ra8 43. Ra5 g4 44. hxg4 h3 45. Rh5 Rxa7 46. Rxh3 Kg5 47. Rf3 e6 48. Rf8 Kxg4 49. Kc3 e5 50. Rf5 Ra3+ 51. Kb4 Ra2 52. c3 Rb2+ 53. Kc5 Rb3 54. Kd5 Rxc3 55. c5 Rd3+ 56. Kxe5 Rd8 57. c6 Re8+ 58. Kd4 Rd8+ 59. Kc5 Re8 60. c7 1-0

[Event "Concordia op 5th"]
[Site "Concordia"]
[Date "2019.05.04"]
[Round "8"]
[White "Mafra, Kaiser Luiz"]
[Black "Librelato, Kathie Goulart"]
[Result "1-0"]
[WhiteElo "2082"]
[BlackElo "2184"]
[PlyCount "95"]
[EventDate "2019.05.01"]
[EventType "swiss"]
[EventRounds "9"]
[EventCountry "BRA"]
[SourceTitle "CBM 190 Extra"]
[Source "ChessBase"]
[SourceDate "2019.07.15"]
[SourceVersion "1"]
[SourceVersionDate "2019.07.15"]
[SourceQuality "1"]

1. g3 Nf6 2. Bg2 d5 3. c4 c6 4. Nf3 g6 5. b3 Bg7 6. Bb2 0-0 7. 0-0 Re8 8. d3 Nbd7 9. cxd5 cxd5 10. Nc3 e5 11. Rc1 a6 12. Rc2 Nb6 13. e4 Bd7 14. exd5 Nfxd5 15. Nxd5 Nxd5 16. Nxe5 Bf5 17. Ng4 Nb4 18. Rc4 Bxg4 19. Rxg4 Bxb2 20. Rxb4 Qd6 21. Rxb7 Rad8 22. Qf3 Re7 23. Rxe7 Qxe7 24. Qc6 a5 25. Bd5 Qe5 26. Bc4 Bd4 27. Qb7 Qf6 28. Qe4 Kg7 29. Kg2 Qb6 30. Re1 Rd6 31. f4 Rd7 32. Re2 Bf6 33. h4 Qb4 34. Qe8 Rc7 35. Qe4 Qc3 36. d4 Bxd4 37. Rc2 Qa1 38. Rc1 Qxc1 39. Qxd4+ f6 40. Qd8 Qc2+ 41. Kg1 Qc1+ 42. Kh2 Qb2+ 43. Kh3 Rc6 44. Qd7+ Kh6 45. Qxc6 f5 46. Qd6 Qa1 47. Qf8+ Kh5 48. Be2# 1-0